Statistics for Metal Bands by a piece from their logo

Click here to take the quiz!

General Stats

  • This quiz has been taken 115 times
    (107 since last reset)
  • The average score is 13 of 32

Answer Stats

Answer% Correct
Megadeth
89%
Slipknot
86%
Anthrax
82%
Cannibal Corpse
82%
Slayer
77%
Lamb of God
76%
Gojira
65%
Meshuggah
64%
Testament
63%
Judas Priest
57%
Mastodon
51%
Opeth
51%
Mayhem
49%
Exodus
45%
Dimmu Borgir
37%
Darkthrone
35%
Emperor
31%
Bathory
30%
Sodom
30%
Trivium
28%
Carcass
25%
Municipal Waste
24%
Blind Guardian
18%
In Flames
18%
Periphery
18%
Powerwolf
13%
Parkway Drive
12%
Dissection
11%
Necrophagist
10%
As I Lay Dying
7%
Dying Fetus
6%
Watain
6%

Score Distribution

Percentile by Number Answered

Percent of People with Each Score

Your Score History

You have not taken this quiz since the last reset